Kayıp aydınlanma: Arap fetihlerinden Timur'a Orta Asya'nın altın çağı/ (Record no. 68781)
| 000 -BAŞLIK | |
|---|---|
| Sabit Uzunluktaki Kontrol Alanı | 01149nam a22003737a 4500 |
| 001 - KONTROL NUMARASI | |
| Control Dosyası | 0068147 |
| 003 - KONTROL NUMARASI KİMLİĞİ | |
| Kontrol Alanı | KOHA_MİRAKIL |
| 005 - EN SON İŞLEM TARİHİ ve ZAMANI | |
| Kontrol Alanı | 20260207004747.0 |
| 007 - FİZİKSEL TANIM SABİT ALAN - GENEL BİLGİ | |
| Sabit uzunluklu kontrol alanı | ta |
| 008 - SABİT UZUNLUKTAKİ VERİ ÖGELERİ - GENEL BİLGİ | |
| Sabit Alan | 230201b2022 tu |||gr||||#||||0|tur | |
| 020 ## - ISBN - ULUSLARARASI STANDART KİTAP NUMARASI | |
| Isbn | 9786057635013 |
| 040 ## - KATALOGLAMA KAYNAĞI | |
| Özgün Kataloglama Kurumu | TR-BiSEU |
| Kataloglama Dili | tur |
| Çeviri Kurumu | TR-BiSEU |
| Açıklama Kuralları | rda |
| 041 0# - DİL KODU | |
| Metin ya da ses kaydının dil kodu | tur |
| 044 ## - YAYINLAYAN/ÜRETEN KURULUŞUN ÜLKE KODU | |
| ISO country code | tu |
| 050 ## - SINIFLAMA ve YER NUMARASI | |
| Sınıflama Numarası | DS288.3 |
| Yer Numarası | .S73 2022 |
| 100 1# - KİŞİ ADI | |
| Yazar Adı (Kişi adı) | Starr, S. Frederick. |
| 245 1# - ESER ADI BİLDİRİMİ | |
| Başlık | Kayıp aydınlanma: Arap fetihlerinden Timur'a Orta Asya'nın altın çağı/ |
| Sorumluluk Bildirimi | S. Frederick Starr ; S. Frederick Starr; çeviren Yusuf Selman İnanç. |
| 250 ## - BASIM BİLDİRİMİ | |
| Basım Bildirimi | 9. Baskı |
| 264 #1 - ÜRERİM, YAYIN, DAĞITIM ve TELİF BİLDİRİMİ | |
| Yayın yeri | İstanbul : |
| Yayınlayan | Kronik Kitap |
| Yayın tarihi | 2022 |
| 300 ## - FİZİKSEL TANIMLAMA | |
| Sayfa, Cilt vb. | 682 sayfa: resimli; 21 cm. |
| 336 ## - İÇERİK TÜRÜ | |
| Content type term | metin |
| Content type code | txt |
| Source | rdacontent |
| 337 ## - MEDYA TÜRÜ | |
| Media type term | aracısız |
| Media type code | n |
| Source | rdamedia |
| 338 ## - TAŞIYICI TÜRÜ | |
| Carrier type term | cilt |
| Carrier type code | nc |
| Source | rdacarrier |
| 490 1# - DİZİ BİLDİRİMİ | |
| Dizi Bildirimi | Kronik Kitap ; |
| Cilt Numarası | 103. |
| 490 1# - DİZİ BİLDİRİMİ | |
| Dizi Bildirimi | Asya Tarihi dizisi ; |
| Cilt Numarası | 12 |
| 500 ## - GENEL NOT | |
| Genel Not | Dizin var. |
| 650 #0 - KONU BAŞLIĞI EK GİRİŞ - KONU TERİMİ | |
| Konusal terim veya coğrafi ad | Orta Asya. |
| 9 (RLIN) | 130581 |
| 650 #0 - KONU BAŞLIĞI EK GİRİŞ - KONU TERİMİ | |
| Konusal terim veya coğrafi ad | Tarih. |
| 9 (RLIN) | 1474 |
| 650 #0 - KONU BAŞLIĞI EK GİRİŞ - KONU TERİMİ | |
| Konusal terim veya coğrafi ad | Middle Asia. |
| 9 (RLIN) | 130582 |
| 650 #0 - KONU BAŞLIĞI EK GİRİŞ - KONU TERİMİ | |
| Konusal terim veya coğrafi ad | History. |
| 9 (RLIN) | 14353 |
| 830 1# - SERİ EK GİRİŞİ - TEKBİÇİM ESER ADI | |
| Tekbiçim Başlık | Kronik Kitap ; |
| Volume number/sequential designation | 103. |
| 9 (RLIN) | 116698 |
| 830 1# - SERİ EK GİRİŞİ - TEKBİÇİM ESER ADI | |
| Tekbiçim Başlık | Asya Tarihi dizisi ; |
| Volume number/sequential designation | 12 |
| 9 (RLIN) | 130583 |
| 942 ## - EK GİRİŞ ÖGELERİ (KOHA) | |
| Source of classification or shelving scheme | Library of Congress Classification |
| Koha item type | Book |
| Materyal Türü | Kalıcı Konum | Mevcut Konum | Raf Yeri | Sınıflandırma Kaynağı | Edinim Bilgisi | Ana Konular | Alt Konular | Yer Numarası | Demirbaş Numarası | Fatura Tarihi | Maliyet, Alış Fiyatı | Maliyet, Yenileme Fiyatı | Geri Çekilme Durumu | Kayıp Durumu | Hasarlı Durumu | Kredi için değil | Kayıt Tarih | Toplam Ödünçverme | Son Görülme Tarihi | Son Kontrol Tarihi |
|---|---|---|---|---|---|---|---|---|---|---|---|---|---|---|---|---|---|---|---|---|
| Book | Prof. Dr. Azmi Özcan Kütüphanesi | Prof. Dr. Azmi Özcan Kütüphanesi | Uluğbey Salonu | Library of Congress Classification | Satın | DÜNYA TARİHİ (AVRUPA, ASYA, AFRİKA VB.) | Asya | DS288.3 .S73 2022 | 0068147 | 02/02/2026 | 89.00 | 89.00 | 01/02/2023 | 1 | 06/03/2025 | 06/03/2025 |
